000 00690nam a2200241 i 4500
001 C2-0316328
003 PPAK
005 20180728112322.0
008 120723s2007 xxka|||| ||||| | eng d
020 _a9781852525514
040 _aPPAK
_beng
_cPPAK
_erda
082 0 4 _a650.1
_223
090 0 0 _a650.1
_bWAS
_dR
100 1 _aWash, Michael,
_eauthor
245 1 0 _a54 tools and techniques for business excellence
264 1 _aUnited Kingdom :
_bManagement Books 2000 ,
_c2007
300 _a268 pages :
_billustrations ;
_c20 cm
336 _2rdacontent
_atext
337 _2rdamedia
_aunmediated
338 _2rdacarrier
_avolume
650 1 0 _aSuccess in business.
942 _ddc
_cB
999 _c117465
_d117465